Procedural guidance (Record no. 109474)

MARC details
000 -LEADER
fixed length control field 01248cad a22002415a 4500
001 - CONTROL NUMBER
control field L147187
008 - FIXED-LENGTH DATA ELEMENTS--GENERAL INFORMATION
fixed length control field 090408s2009 xxk f f000 0 eng d
035 ## - SYSTEM CONTROL NUMBER
System control number (Sirsi) u147187
041 0# - LANGUAGE CODE
Language code of text/sound track or separate title eng
050 04 - LIBRARY OF CONGRESS CALL NUMBER
Classification number 711.1 $2 18
110 2# - MAIN ENTRY--CORPORATE NAME
Corporate name or jurisdiction name as entry element The Planning Inspectorate
9 (RLIN) 5723
245 00 - TITLE STATEMENT
Title Procedural guidance
Remainder of title enforcement appeals and determination of appeal procedure
Medium [electronic resource]
260 ## - PUBLICATION, DISTRIBUTION, ETC.
Place of publication, distribution, etc. London
Name of publisher, distributor, etc. Planning Inspectorate
Date of publication, distribution, etc. 2009
520 ## - SUMMARY, ETC.
Summary, etc. Explains the new process in England for determining the procedure by which enforcement appeals are dealt with. The legislation enabling this process comes into force on 6 April 2009. This guidance will take effect from that date. Both the legislative power and this guidance will apply to enforcement appeals made on or after that date.
521 21 - TARGET AUDIENCE NOTE
Target audience note Advanced
590 ## - LOCAL NOTE (RLIN)
Local note KA NTK
650 24 - SUBJECT ADDED ENTRY--TOPICAL TERM
Topical term or geographic name entry element PLANNING ACT 2008
650 24 - SUBJECT ADDED ENTRY--TOPICAL TERM
Topical term or geographic name entry element TOWN AND COUNTRY PLANNING ACT 1990
651 #4 - SUBJECT ADDED ENTRY--GEOGRAPHIC NAME
Geographic name England
Chronological subdivision 886-
690 ## - LOCAL SUBJECT ADDED ENTRY--TOPICAL TERM (OCLC, RLIN)
Topical term or geographic name as entry element ENVIRONMENTAL AND LAND CONSULTANCY-PLANNING AND DEVELOPMENT-PLANNING GUIDANCE
856 40 - ELECTRONIC LOCATION AND ACCESS
Uniform Resource Identifier <a href="https://www.planning-inspectorate.gov.uk/pins/21st_century/procedural_guidance_enforcement_appeals.pdf">https://www.planning-inspectorate.gov.uk/pins/21st_century/procedural_guidance_enforcement_appeals.pdf</a>
Public note View the document free of charge at www.planning-inspectorate.gov.uk...
942 ## - ADDED ENTRY ELEMENTS (KOHA)
Suppress in OPAC 0
Holdings
Withdrawn status Lost status Source of classification or shelving scheme Damaged status Not for loan Home library Current library Shelving location Date acquired Total Checkouts Full call number Barcode Date last seen Copy number Price effective from Koha item type
    Dewey Decimal Classification     Virtual Virtual Online 08/04/2009   ONLINE PUBLICATION 147187-2001 06/08/2019 1 06/08/2019 Book